Statistiques concernant Les lois farfelues Françaises.

Cliquez ici pour prendre le quiz!

Statistiques générales

  • Ce quiz a été pris 137 fois
  • Le résultat moyen est 7 sur 15

Statistiques - réponses

QuestionRéponse% Correct
Un arrêté municipal de la ville de Châteauneuf-du-Pape datant de 1954 interdit aux Ovni de venir s'y poser.Toujours d'actualité
79%
A Paris, il est interdit de s’assoir à l’ombre d’un monument.Invention
74%
Il est interdit d'appeler son cochon domestique Napoléon.Toujours d'actualité
74%
Les parents peuvent s'opposer au mariage de leur enfant. Ils doivent faire une demande auprès d'un juge.Toujours d'actualité
73%
Il est interdit de tirer la chasse d'eau dans un appartement après 22h.Invention
55%
L'alcool est interdit au bureau à l'exception de la bière, du cidre, du vin et du poiré.Toujours d'actualité
55%
On ne peut pas posséder plus de 4 voitures immatriculer à son nom.Invention
50%
Les citoyens doivent toujours avoir une botte de foin dans leur maison pour le cheval du roi.Toujours d'actualité
48%
Il est interdit de s'embrasser dans une gare.Toujours d'actualité
42%
Il est interdit aux femmes de porter des pantalons dans Paris.Toujours d'actualité
41%
Le ketchup est interdit dans les établissements scolaires Français.Toujours d'actualité
40%
Toute femme désirant s'habiller en homme doit se présenter à la Préfecture de police pour en obtenir l'autorisation.Toujours d'actualité
34%
Il est illégal pour les voitures d’avoir une panne d’essence sur l’autoroute.Invention
31%
Il est interdit de conduire plus de 6 heures consécutivement sans s'arrêter.Invention
27%
Il est interdit de coller à l’envers un timbre représentant un membre du gouvernement.Invention
18%

Distribution des résultats

Percentile par nombre de réponses

% des personnes avec chaque résultat

Votre développement - résultats

Vous n’avez pas pris ce quiz